Still counting (Record no. 77053)

MARC details
000 -LEADER
fixed length control field 01144cab a2200229 4500
001 - CONTROL NUMBER
control field ##L133516
008 - FIXED-LENGTH DATA ELEMENTS--GENERAL INFORMATION
fixed length control field 060516n 000 0 eng u
035 ## - SYSTEM CONTROL NUMBER
System control number (Sirsi) u133516
041 0# - LANGUAGE CODE
Language code of text/sound track or separate title eng
100 1# - MAIN ENTRY--PERSONAL NAME
Personal name Hunter, Caroline
245 00 - TITLE STATEMENT
Title Still counting
490 #0 - SERIES STATEMENT
Series statement Roof
Volume/sequential designation May/June 2006, 25-27(3)
520 ## - SUMMARY, ETC.
Summary, etc. Examines the findings from the Department for Constitutional Affairs commissioned research "The exercise of judicial discretion in rent arrears cases". Focuses on when landlords initiate court proceedings, what the outcomes of the hearings are and how housing associations use Ground 8. The research indicates that cases are coming to court earlier, tenants' participation is rising, district judges are using adjournments more and housing associations are using Ground 8 increasingly.
590 ## - LOCAL NOTE (RLIN)
Local note IKA230506
650 24 - SUBJECT ADDED ENTRY--TOPICAL TERM
Topical term or geographic name entry element HOUSING ACT 1988 SCHED 2 PART I GROUND 8
651 #4 - SUBJECT ADDED ENTRY--GEOGRAPHIC NAME
Geographic name England and Wales
Chronological subdivision 1543-
690 ## - LOCAL SUBJECT ADDED ENTRY--TOPICAL TERM (OCLC, RLIN)
Topical term or geographic name as entry element PROPERTY-RESIDENTIAL PROPERTY-RESIDENTIAL LANDLORD AND TENANT-RESIDENTIAL LEASES-BREACHING RESIDENTIAL LEASES
700 1# - ADDED ENTRY--PERSONAL NAME
Personal name Nixon, Judy
700 1# - ADDED ENTRY--PERSONAL NAME
Personal name Blandy, Sarah
700 1# - ADDED ENTRY--PERSONAL NAME
Personal name Cowan, Dave
942 ## - ADDED ENTRY ELEMENTS (KOHA)
Suppress in OPAC 0
Holdings
Withdrawn status Lost status Source of classification or shelving scheme Damaged status Not for loan Home library Current library Shelving location Date acquired Total Checkouts Full call number Barcode Date last seen Copy number Price effective from Koha item type
    Dewey Decimal Classification     London London Journal article 16/05/2006   L133516 133516-1001 06/08/2019 1 06/08/2019 Journal article